[Event "Titled Tuesday intern op 06th May Early"]
[Site "Chess.com INT"]
[Date "2025.05.06"]
[Round "9"]
[White "Sitbon, Itay"]
[Black "Vingris, Mikelis"]
[Result "0-1"]
[WhiteElo "2192"]
[BlackElo "2102"]
[PlyCount "156"]
[EventDate "2025.05.06"]
[EventType "swiss (blitz)"]
[EventRounds "11"]
[EventCountry "USA"]
[SourceTitle "CB20_2025"]
[SourceDate "2025.05.14"]
[SourceVersion "1"]
[SourceVersionDate "2025.05.14"]
[SourceQuality "1"]

1. e4 c5 2. d4 cxd4 3. c3 Nf6 4. e5 Nd5 5. cxd4 Nc6 6. Nc3 Nxc3 7. bxc3 d6 8. exd6 Qxd6 9. Nf3 g6 10. Bd3 Bg7 11. 0-0 0-0 12. Bg5 h6 13. Bh4 Bg4 14. h3 Be6 15. Re1 Rfe8 16. Bg3 Qd7 17. Qe2 Bf5 18. Bc4 a6 19. Rad1 Rac8 20. d5 Na5 21. Bb3 Nxb3 22. axb3 Rxc3 23. Ne5 Qb5 24. Qxb5 axb5 25. b4 Rb3 26. Rc1 Rxb4 27. Rc7 Rd4 28. Rxb7 Rxd5 29. Nc6 Kh7 30. Rexe7 Rxe7 31. Nxe7 Rd7 32. Rxd7 Bxd7 33. Bd6 Be6 34. Nc6 Bc3 35. f3 Bd7 36. Nb4 Kg7 37. Kf2 Bd4+ 38. Ke2 Be6 39. Kd3 Bf2 40. Ke4 Bc4 41. Be5+ f6 42. Bc3 Kf7 43. g4 Ke6 44. f4 f5+ 45. Kf3 Bc5 46. Nc2 Bd5+ 47. Kg3 Be4 48. Nb4 Bxb4 49. Bxb4 Kd5 50. Bf8 h5 51. gxh5 gxh5 52. Kh4 Bg2 53. Kg3 Bf1 54. Kf2 Bxh3 55. Kg3 Bg4 56. Be7 Kc4 57. Kf2 b4 58. Ke3 Kc3 59. Bf6+ Kc2 60. Kf2 b3 61. Kg3 b2 62. Bxb2 Kxb2 63. Kh2 Kc3 64. Kg3 Kd4 65. Kh4 Ke4 66. Kg3 Bd1 67. Kh4 Kxf4 68. Kh3 Kg5 69. Kg3 h4+ 70. Kh3 Bg4+ 71. Kh2 f4 72. Kg2 Bc8 73. Kh2 Kg4 74. Kg2 h3+ 75. Kh2 Bb7 76. Kg1 Kg3 77. Kf1 h2 78. Ke2 h1Q 0-1

[Event "Titled Tuesday intern op 06th May Early"]
[Site "Chess.com INT"]
[Date "2025.05.06"]
[Round "3"]
[White "Vingris, Mikelis"]
[Black "Bartakke, Amardeep S"]
[Result "1-0"]
[WhiteElo "2102"]
[BlackElo "2116"]
[PlyCount "71"]
[EventDate "2025.05.06"]
[EventType "swiss (blitz)"]
[EventRounds "11"]
[EventCountry "USA"]
[SourceTitle "CB20_2025"]
[SourceDate "2025.05.14"]
[SourceVersion "1"]
[SourceVersionDate "2025.05.14"]
[SourceQuality "1"]

1. e4 c5 2. Nf3 d6 3. d4 cxd4 4. Nxd4 Nf6 5. Bd3 Nc6 6. Be3 e6 7. c4 a6 8. Nc3 Be7 9. 0-0 0-0 10. Rc1 Bd7 11. b3 Rc8 12. f4 Qa5 13. Qe2 Nxd4 14. Bxd4 e5 15. Be3 Ng4 16. Bd2 exf4 17. Bxf4 Qb6+ 18. Kh1 Bf6 19. Nd5 Qd8 20. Bxd6 Re8 21. Nxf6+ Nxf6 22. e5 Bg4 23. Qf2 Qd7 24. Bb1 Bh5 25. Rc3 Ng4 26. Qg3 Nxe5 27. Bxe5 Bg6 28. Bxg6 hxg6 29. Qf4 f6 30. Bd6 Qc6 31. c5 Re2 32. Rg3 g5 33. Qc4+ Kh7 34. Qxe2 Re8 35. Rh3+ Kg6 36. Qh5# 1-0

[Event "LAT-ch"]
[Site "Riga"]
[Date "2025.05.05"]
[Round "9"]
[White "Golubovskis, Maksims"]
[Black "Vingris, Mikelis"]
[Result "0-1"]
[WhiteElo "2249"]
[BlackElo "2102"]
[PlyCount "182"]
[EventDate "2025.04.29"]
[EventType "swiss"]
[EventRounds "9"]
[EventCountry "LAT"]
[SourceTitle "CB19_2025"]
[SourceDate "2025.05.07"]
[SourceVersion "1"]
[SourceVersionDate "2025.05.07"]
[SourceQuality "1"]

1. e4 c5 2. Nf3 d6 3. Nc3 Nf6 4. e5 dxe5 5. Nxe5 a6 6. a4 Nbd7 7. Nc4 Nb6 8. a5 Nxc4 9. Bxc4 Bd7 10. 0-0 e6 11. d3 Bd6 12. Qf3 Qc7 13. h3 Bc6 14. Qe2 h6 15. Be3 0-0 16. d4 Qe7 17. Na4 cxd4 18. Bxd4 Rad8 19. Rfd1 Nd5 20. Bxd5 Bxd5 21. Be5 Bc6 22. Bxd6 Rxd6 23. Nc3 Qg5 24. Qg4 Rxd1+ 25. Nxd1 Qe5 26. Qb4 Rd8 27. Ne3 Rd7 28. Re1 Qg5 29. h4 Qf6 30. Rd1 Rxd1+ 31. Nxd1 h5 32. Ne3 Qe5 33. Kf1 Qh2 34. f3 Qg3 35. Qe7 Qe5 36. Qd8+ Kh7 37. Qd3+ g6 38. Qc3 Qf4 39. Qe1 e5 40. Kg1 e4 41. fxe4 Qxe4 42. Qf2 Kg8 43. b3 Kg7 44. Nc4 f6 45. Ne3 Qe6 46. Qf4 Qd7 47. Kh2 Qd8 48. b4 Qe7 49. Kg3 Kh7 50. Kf2 Be4 51. c3 g5 52. hxg5 fxg5 53. Qh2 h4 54. Kg1 Bc6 55. Qh3 Qf6 56. Qf5+ Kg7 57. c4 Qe7 58. Kf2 Be4 59. Qg4 Qf6+ 60. Kg1 Qa1+ 61. Kh2 Qe5+ 62. Kg1 Bc6 63. Nf5+ Kf6 64. Nd4 Qe4 65. Qf3+ Qxf3 66. gxf3 Bd7 67. Nb3 Ke5 68. Kf2 Bc6 69. Nc5 Kd4 70. Ne6+ Kxc4 71. Nxg5 Kxb4 72. f4 Bd7 73. Ne4 Kxa5 74. Nc5 Bc8 75. Ne4 b5 76. Ke3 Kb4 77. Kd2 a5 78. Kc1 a4 79. Kb2 a3+ 80. Ka2 Be6+ 81. Ka1 h3 82. Nf2 h2 83. Kb1 Bd5 84. f5 h1Q+ 85. Nxh1 Bxh1 86. f6 Bd5 87. Ka1 Kc3 88. Kb1 b4 89. Ka1 b3 90. f7 b2+ 91. Kb1 a2# 0-1

[Event "Titled Tuesday intern op 01st Apr Early"]
[Site "Chess.com INT"]
[Date "2025.04.01"]
[Round "9"]
[White "Laddha, Shubh Jayesh"]
[Black "Vingris, Mikelis"]
[Result "1-0"]
[WhiteElo "2303"]
[BlackElo "2209"]
[PlyCount "21"]
[EventDate "2025.04.01"]
[EventType "swiss (blitz)"]
[EventRounds "11"]
[EventCountry "USA"]
[SourceTitle "CB15_2025"]
[SourceDate "2025.04.09"]
[SourceVersion "1"]
[SourceVersionDate "2025.04.09"]
[SourceQuality "1"]

1. d4 Nf6 2. Nc3 d5 3. Bf4 e6 4. Nb5 Na6 5. e3 c6 6. Nc3 b6 7. Nf3 Bd6 8. Ne5 0-0 9. Nxc6 Qc7 10. Ne5 Bd7 11. Bxa6 1-0

[Event "Titled Tuesday intern op 01st Apr Early"]
[Site "Chess.com INT"]
[Date "2025.04.01"]
[Round "1"]
[White "Mohammad Fahad, Rahman"]
[Black "Vingris, Mikelis"]
[Result "0-1"]
[WhiteElo "2431"]
[BlackElo "2209"]
[PlyCount "136"]
[EventDate "2025.04.01"]
[EventType "swiss (blitz)"]
[EventRounds "11"]
[EventCountry "USA"]
[SourceTitle "CB15_2025"]
[SourceDate "2025.04.09"]
[SourceVersion "1"]
[SourceVersionDate "2025.04.09"]
[SourceQuality "1"]

1. d4 Nf6 2. c4 g6 3. Nc3 Bg7 4. Nf3 0-0 5. Bg5 d6 6. e3 Nbd7 7. Be2 c6 8. 0-0 h6 9. Bh4 Re8 10. b4 e5 11. dxe5 dxe5 12. Qc2 Qc7 13. Rfd1 Nf8 14. Rac1 Bf5 15. e4 Bg4 16. Bg3 Nh5 17. Qb3 Nxg3 18. hxg3 Ne6 19. Nd5 Qb8 20. Ne3 Bxf3 21. Bxf3 Nd4 22. Qb2 Qd6 23. c5 Qf6 24. Bg4 h5 25. Bh3 Bh6 26. Rc3 Rad8 27. Rcd3 Kh7 28. Nc4 Bg7 29. a4 a6 30. Qd2 Re7 31. Nd6 Rb8 32. Nc8 Rc7 33. Nb6 Rd8 34. Kh1 Bh6 35. Qb2 h4 36. gxh4 Qxh4 37. Kg1 Kg7 38. Nc4 Qf6 39. Nd6 Kh7 40. Nc4 Bg7 41. Ne3 Kg8 42. Ng4 Qg5 43. Nh2 Re7 44. Kf1 Qf4 45. Nf3 Ree8 46. Nxd4 exd4 47. f3 Qg3 48. Qf2 Qh2 49. Qg1 Qe5 50. Qf2 Qf4 51. Qd2 Qh2 52. Qf2 Be5 53. Bg4 Qf4 54. Qg1 Kg7 55. Bh3 Rh8 56. Qf2 Rh5 57. Ke2 Rdh8 58. Rg1 Rd8 59. Qf1 Qf6 60. Kd1 Bf4 61. Kc2 Be3 62. Rh1 a5 63. b5 Rxc5+ 64. Kb2 cxb5 65. axb5 Rxb5+ 66. Ka2 Qc6 67. Qd1 Qc4+ 68. Rb3 a4 0-1

[Event "Titled Tuesday intern op 01st Apr Early"]
[Site "Chess.com INT"]
[Date "2025.04.01"]
[Round "5"]
[White "Vingris, Mikelis"]
[Black "Atakhan, Abtin"]
[Result "0-1"]
[WhiteElo "2209"]
[BlackElo "2416"]
[PlyCount "116"]
[EventDate "2025.04.01"]
[EventType "swiss (blitz)"]
[EventRounds "11"]
[EventCountry "USA"]
[SourceTitle "CB15_2025"]
[SourceDate "2025.04.09"]
[SourceVersion "1"]
[SourceVersionDate "2025.04.09"]
[SourceQuality "1"]

1. e4 c5 2. Nf3 d6 3. d4 cxd4 4. Nxd4 Nf6 5. Bd3 g6 6. h3 Bg7 7. Be3 Nc6 8. c4 0-0 9. Nc3 Be6 10. 0-0 Nd7 11. Nxe6 fxe6 12. Qg4 Rf6 13. Bg5 Nde5 14. Qg3 Rf3 15. gxf3 Nxd3 16. Ne2 Nxb2 17. Rab1 Qd7 18. Rfc1 Rf8 19. Be3 b6 20. f4 Nd3 21. Rd1 Nc5 22. f3 e5 23. fxe5 Nxe5 24. f4 Nxc4 25. Bxc5 bxc5 26. Qb3 Qe6 27. Rbc1 d5 28. Rxd5 Nd6 29. e5 c4 30. Qf3 Nf5 31. Nd4 Nxd4 32. Rxd4 Bxe5 33. Rdxc4 Bf6 34. Kg2 Kg7 35. R1c2 Rd8 36. Re4 Qf5 37. Rce2 Rd7 38. Qg4 Qb5 39. Qf3 Rd3 40. R4e3 Rd7 41. Rb3 Qc5 42. Qe4 Rd1 43. Rbe3 Qh5 44. Re1 Rd2+ 45. R3e2 Rd7 46. Qf3 Qb5 47. Re3 Rd2+ 48. R1e2 Rd6 49. Qe4 Rd7 50. Qc2 Qh5 51. Qe4 Rd4 52. Qf3 Qf5 53. Re4 Rd7 54. Qg4 Qd5 55. a4 Rb7 56. Qf3 Qd7 57. Rc4 Rb1 58. Rce4 Qd1 0-1

[Event "Titled Tuesday intern op 04th Mar Early"]
[Site "Chess.com INT"]
[Date "2025.03.04"]
[Round "4"]
[White "Aradhya, Garg"]
[Black "Vingris, Mikelis"]
[Result "0-1"]
[WhiteElo "2359"]
[BlackElo "2209"]
[PlyCount "72"]
[EventDate "2025.03.04"]
[EventType "swiss (blitz)"]
[EventRounds "11"]
[EventCountry "USA"]
[SourceTitle "CB11_2025"]
[SourceDate "2025.03.12"]
[SourceVersion "1"]
[SourceVersionDate "2025.03.12"]
[SourceQuality "1"]

1. d4 Nf6 2. c4 g6 3. g3 Bg7 4. Bg2 0-0 5. Nf3 d6 6. Nc3 Nbd7 7. 0-0 c6 8. h3 e5 9. Qc2 Qe7 10. Rd1 h6 11. dxe5 dxe5 12. Be3 a5 13. c5 Re8 14. Na4 Nf8 15. Qd2 Bf5 16. Bxh6 Rad8 17. Qe3 Rxd1+ 18. Rxd1 Bc2 19. Rd6 Bxa4 20. Bg5 b6 21. Nd2 bxc5 22. Ne4 Ne6 23. Bxf6 Bxf6 24. h4 Bg7 25. Qa3 Bb5 26. Qxa5 f5 27. Bh3 Nd4 28. Rxg6 fxe4 29. h5 Qf7 30. Qe1 Bxe2 31. Kh1 Bxh5 32. Rd6 Bf3+ 33. Kh2 Qh5 34. Qf1 Bg4 35. Kg1 Nf3+ 36. Kh1 Bxh3 0-1

[Event "Titled Tuesday intern op 04th Mar Early"]
[Site "Chess.com INT"]
[Date "2025.03.04"]
[Round "2"]
[White "Mirza, Diana"]
[Black "Vingris, Mikelis"]
[Result "0-1"]
[WhiteElo "1965"]
[BlackElo "2209"]
[PlyCount "74"]
[EventDate "2025.03.04"]
[EventType "swiss (blitz)"]
[EventRounds "11"]
[EventCountry "USA"]
[SourceTitle "CB11_2025"]
[SourceDate "2025.03.12"]
[SourceVersion "1"]
[SourceVersionDate "2025.03.12"]
[SourceQuality "1"]

1. d4 d5 2. Nf3 Nf6 3. e3 c5 4. b3 Nc6 5. Bd3 e6 6. Bb2 b6 7. Ne5 Bb7 8. f4 Be7 9. a3 Rc8 10. 0-0 0-0 11. Nd2 Nd7 12. Qh5 f5 13. Rf3 Ndxe5 14. dxe5 Qe8 15. Qh3 Qf7 16. Rg3 Na5 17. Nf3 c4 18. bxc4 dxc4 19. Be2 c3 20. Bc1 Rfd8 21. Nd4 Bc5 22. Nb5 a6 23. Nxc3 Bf8 24. Bb2 Nc4 25. Bxc4 Rxc4 26. Rc1 Rdc8 27. Ne2 Rxc2 28. Rxc2 Rxc2 29. Bd4 Rxe2 30. Bxb6 Qd7 31. Rf3 Bxf3 32. Qxf3 Qd1+ 33. Qf1 Re1 34. Kf2 Rxf1+ 35. Kg3 Qe1+ 36. Kh3 Be7 37. e4 Qh4# 0-1

[Event "Titled Tuesday intern op 04th Mar Early"]
[Site "Chess.com INT"]
[Date "2025.03.04"]
[Round "7"]
[White "Neustroev, Victor"]
[Black "Vingris, Mikelis"]
[Result "0-1"]
[WhiteElo "2283"]
[BlackElo "2209"]
[PlyCount "92"]
[EventDate "2025.03.04"]
[EventType "swiss (blitz)"]
[EventRounds "11"]
[EventCountry "USA"]
[SourceTitle "CB11_2025"]
[SourceDate "2025.03.12"]
[SourceVersion "1"]
[SourceVersionDate "2025.03.12"]
[SourceQuality "1"]

1. e4 c5 2. Nf3 d6 3. d4 cxd4 4. Nxd4 Nf6 5. Nc3 a6 6. Nb3 e6 7. Be3 Be7 8. g4 Nc6 9. g5 Nd7 10. h4 b5 11. f4 Bb7 12. Qf3 b4 13. Na4 Rc8 14. 0-0-0 Qc7 15. Bd3 Na5 16. Kb1 Nxb3 17. cxb3 Nc5 18. Nxc5 dxc5 19. f5 exf5 20. Qxf5 Rd8 21. Rhf1 0-0 22. Bc4 Rxd1+ 23. Rxd1 g6 24. Qf3 Qe5 25. Bd5 Bxd5 26. Rxd5 Qc7 27. Bf4 Qc6 28. h5 Rd8 29. h6 Rxd5 30. exd5 Qd7 31. Qe4 f6 32. gxf6 Bxf6 33. d6 Qf5 34. Qxf5 gxf5 35. d7 Bd8 36. Bd6 Kf7 37. Bxc5 a5 38. a3 bxa3 39. bxa3 Ke6 40. b4 axb4 41. axb4 Kxd7 42. Kc2 Kc6 43. Bf8 Kd5 44. Kd3 f4 45. Bg7 Bb6 46. Bf8 f3 0-1

[Event "Titled Tuesday intern op 04th Mar Early"]
[Site "Chess.com INT"]
[Date "2025.03.04"]
[Round "1"]
[White "Vingris, Mikelis"]
[Black "Papasimakopoulos, Alexandros"]
[Result "0-1"]
[WhiteElo "2209"]
[BlackElo "2387"]
[PlyCount "60"]
[EventDate "2025.03.04"]
[EventType "swiss (blitz)"]
[EventRounds "11"]
[EventCountry "USA"]
[SourceTitle "CB11_2025"]
[SourceDate "2025.03.12"]
[SourceVersion "1"]
[SourceVersionDate "2025.03.12"]
[SourceQuality "1"]

1. e4 e6 2. d4 d5 3. Nc3 Bb4 4. e5 c5 5. a3 Bxc3+ 6. bxc3 Nc6 7. h4 Nge7 8. Be2 Bd7 9. Rh3 h6 10. g4 Qa5 11. Bd2 Qa4 12. Rb1 cxd4 13. Bb5 Qa5 14. cxd4 Qc7 15. c3 Na5 16. Bd3 Nc4 17. Ne2 Nxa3 18. Ra1 Nc4 19. f4 Nb2 20. Qc2 Nxd3+ 21. Qxd3 h5 22. gxh5 a6 23. Ng3 Bb5 24. Qc2 Qc4 25. Kf2 Nf5 26. Re1 Nh6 27. Qd1 Qd3 28. Be3 Qxd1 29. Rxd1 Bc4 30. Kf3 a5 0-1

[Event "Titled Tuesday intern op 04th Mar Early"]
[Site "Chess.com INT"]
[Date "2025.03.04"]
[Round "6"]
[White "Vingris, Mikelis"]
[Black "Shahinyan, Vladimir"]
[Result "0-1"]
[WhiteElo "2209"]
[BlackElo "2278"]
[PlyCount "78"]
[EventDate "2025.03.04"]
[EventType "swiss (blitz)"]
[EventRounds "11"]
[EventCountry "USA"]
[SourceTitle "CB11_2025"]
[SourceDate "2025.03.12"]
[SourceVersion "1"]
[SourceVersionDate "2025.03.12"]
[SourceQuality "1"]

1. e4 e6 2. d4 d5 3. Nc3 Nf6 4. e5 Nfd7 5. f4 c5 6. Nf3 Nc6 7. Be3 cxd4 8. Nxd4 Nxd4 9. Bxd4 Bc5 10. Be2 Qb6 11. Na4 Qa5+ 12. c3 Bxd4 13. Qxd4 0-0 14. 0-0 Qc7 15. b3 b6 16. Nb2 Bb7 17. Rac1 f6 18. Nd3 fxe5 19. fxe5 Ba6 20. c4 dxc4 21. bxc4 Rxf1+ 22. Bxf1 Rd8 23. Qg4 Nc5 24. Nxc5 Qxc5+ 25. Kh1 Qxe5 26. Qh4 Qf6 27. Qg3 e5 28. h3 Qf4 29. Qc3 Qd2 30. Qa1 Bb7 31. c5 Rc8 32. Bc4+ Kh8 33. Rg1 Rxc5 34. Qf1 Qf4 35. Qxf4 exf4 36. Bd3 Rc3 37. Bf5 g6 38. Bg4 h5 39. Bd1 Rxh3# 0-1

[Event "Titled Tuesday intern op 25th Feb Early"]
[Site "Chess.com INT"]
[Date "2025.02.25"]
[Round "6"]
[White "Abbasova, Aiguioun"]
[Black "Vingris, Mikelis"]
[Result "0-1"]
[WhiteElo "2170"]
[BlackElo "2209"]
[PlyCount "54"]
[EventDate "2025.02.25"]
[EventType "swiss (blitz)"]
[EventRounds "11"]
[EventCountry "USA"]
[SourceTitle "CB10_2025"]
[SourceDate "2025.03.05"]
[SourceVersion "1"]
[SourceVersionDate "2025.03.05"]
[SourceQuality "1"]

1. d4 Nf6 2. Bg5 Ne4 3. Bf4 d5 4. f3 Nf6 5. Nc3 e6 6. e4 dxe4 7. fxe4 Bb4 8. Qd3 c5 9. 0-0-0 cxd4 10. Bxb8 Rxb8 11. Qb5+ Bd7 12. Qxb4 dxc3 13. Qxc3 0-0 14. Bd3 Ng4 15. Rd2 Rc8 16. Qb3 Qg5 17. Nf3 Qc5 18. Re1 b5 19. e5 b4 20. h3 Nf2 21. Bxh7+ Kxh7 22. Rxd7 Rfd8 23. Rxd8 Rxd8 24. Ng5+ Kg8 25. Kb1 a5 26. Nf3 a4 27. Qxa4 Qe3 0-1

[Event "Titled Tuesday intern op 25th Feb Early"]
[Site "Chess.com INT"]
[Date "2025.02.25"]
[Round "9"]
[White "Dicen, Elis Denele"]
[Black "Vingris, Mikelis"]
[Result "1-0"]
[WhiteElo "2129"]
[BlackElo "2209"]
[PlyCount "77"]
[EventDate "2025.02.25"]
[EventType "swiss (blitz)"]
[EventRounds "11"]
[EventCountry "USA"]
[SourceTitle "CB10_2025"]
[SourceDate "2025.03.05"]
[SourceVersion "1"]
[SourceVersionDate "2025.03.05"]
[SourceQuality "1"]

1. e4 e5 2. Nf3 Nc6 3. d4 exd4 4. Nxd4 Nf6 5. Nxc6 bxc6 6. Nd2 Bc5 7. Nb3 Bb6 8. e5 0-0 9. exf6 Qxf6 10. Qf3 Re8+ 11. Be2 Qxf3 12. gxf3 Ba6 13. Be3 Bxe3 14. fxe3 Rxe3 15. Nd4 Rae8 16. Rg1 c5 17. Kd2 Bxe2 18. Nf5 Rxf3 19. Nxg7 Re5 20. Ne6+ Kh8 21. Ng5 Rff5 22. h4 Bh5 23. Rae1 Rf2+ 24. Kc1 d6 25. Rxe5 dxe5 26. Ne4 Rh2 27. Nf6 Bg6 28. h5 Rxc2+ 29. Kd1 Rf2 30. Ng4 Bxh5 31. Ke1 Rf4 32. Nh6 Bg6 33. Ng4 Re4+ 34. Kf2 f5 35. Nf6 Rf4+ 36. Ke3 Rh4 37. Nd5 c6 38. Ne7 Re4+ 39. Kd3 1-0

[Event "Titled Tuesday intern op 11th Feb Early"]
[Site "Chess.com INT"]
[Date "2025.02.11"]
[Round "6"]
[White "Do Carmo, Gabriel Carckeno"]
[Black "Vingris, Mikelis"]
[Result "0-1"]
[WhiteElo "2008"]
[BlackElo "2209"]
[PlyCount "100"]
[EventDate "2025.02.11"]
[EventType "swiss (blitz)"]
[EventRounds "11"]
[EventCountry "USA"]
[SourceTitle "CB08_2025"]
[SourceDate "2025.02.19"]
[SourceVersion "1"]
[SourceVersionDate "2025.02.19"]
[SourceQuality "1"]

1. c4 c5 2. Nc3 Nc6 3. g3 Nf6 4. Bg2 g6 5. e4 Bg7 6. Nge2 0-0 7. 0-0 e5 8. d3 d6 9. h3 Nd4 10. f4 a6 11. a4 Rb8 12. Be3 Nh5 13. Nd5 Nxe2+ 14. Qxe2 Nxg3 15. Qd2 Nxf1 16. Rxf1 exf4 17. Bxf4 Be6 18. Bg5 f6 19. Nf4 fxg5 20. Nxe6 Rxf1+ 21. Bxf1 Qf6 22. Nxg7 Kxg7 23. Bg2 Rf8 24. b4 Qd4+ 25. Kh1 cxb4 26. Qxb4 Rf7 27. Qd2 h6 28. a5 Rf2 29. Qb4 Qa1+ 30. Kh2 Qe5+ 31. Kg1 Rb2 32. Qe1 Ra2 33. Qb4 Rb2 34. Qe1 Qd4+ 35. Kh1 h5 36. Qc1 g4 37. hxg4 hxg4 38. Qg5 Rb1+ 39. Kh2 Qe5+ 40. Qxe5+ dxe5 41. Kg3 Rd1 42. Kxg4 Rxd3 43. Bf3 Rd4 44. c5 Rc4 45. Kg3 Rxc5 46. Kf2 Rxa5 47. Ke3 Rc5 48. Be2 b6 49. Bd3 a5 50. Kd2 Kf6 0-1

[Event "Titled Tuesday intern op 11th Feb Early"]
[Site "Chess.com INT"]
[Date "2025.02.11"]
[Round "2"]
[White "Vingris, Mikelis"]
[Black "Wijerathna, Vinuka Dihain"]
[Result "1-0"]
[WhiteElo "2209"]
[BlackElo "2117"]
[PlyCount "121"]
[EventDate "2025.02.11"]
[EventType "swiss (blitz)"]
[EventRounds "11"]
[EventCountry "USA"]
[SourceTitle "CB08_2025"]
[SourceDate "2025.02.19"]
[SourceVersion "1"]
[SourceVersionDate "2025.02.19"]
[SourceQuality "1"]

1. e4 e5 2. Nf3 Nc6 3. Bb5 a6 4. Ba4 Nf6 5. d3 b5 6. Bb3 Bc5 7. 0-0 d6 8. a4 Rb8 9. axb5 axb5 10. Nc3 h6 11. Nd5 0-0 12. c3 Nxd5 13. Bxd5 Ne7 14. d4 Bb6 15. dxe5 Nxd5 16. exd5 dxe5 17. Nxe5 Bb7 18. Nc6 Bxc6 19. dxc6 Qf6 20. Qf3 Qxf3 21. gxf3 Rfe8 22. Be3 Re6 23. Bxb6 Rxb6 24. Rfd1 Rexc6 25. Ra8+ Kh7 26. Rd7 Kg6 27. Ra7 Rf6 28. Kg2 c5 29. h4 c4 30. Kg3 h5 31. Rd5 Kh6 32. Ra5 Rg6+ 33. Kf4 Rgf6+ 34. Ke4 Rbe6+ 35. Kd4 Rxf3 36. Raxb5 Rxf2 37. Rxh5+ Kg6 38. Rhg5+ Kf6 39. Kxc4 Rf4+ 40. Kd3 Rxh4 41. Rbf5+ Ke7 42. Rxg7 Rf6 43. Re5+ Kf8 44. Rg3 Rhf4 45. b4 Rc6 46. Re4 Rff6 47. c4 Rfd6+ 48. Kc3 Ra6 49. Rge3 Ra3+ 50. Kb2 Rxe3 51. Rxe3 Kg7 52. c5 Rc6 53. Kb3 f5 54. Kc4 Kf6 55. b5 Rc8 56. c6 f4 57. Re1 Kf5 58. Kc5 f3 59. b6 Kf4 60. b7 Re8 61. Rxe8 1-0

[Event "Titled Tuesday intern op 04th Feb Early"]
[Site "Chess.com INT"]
[Date "2025.02.04"]
[Round "3"]
[White "Vingris, Mikelis"]
[Black "Md, Imran"]
[Result "0-1"]
[WhiteElo "2209"]
[BlackElo "2421"]
[PlyCount "140"]
[EventDate "2025.02.04"]
[EventType "swiss (blitz)"]
[EventRounds "11"]
[EventCountry "USA"]
[SourceTitle "CB07_2025"]
[SourceDate "2025.02.12"]
[SourceVersion "1"]
[SourceVersionDate "2025.02.12"]
[SourceQuality "1"]

1. e4 c5 2. Nf3 e6 3. d4 cxd4 4. Nxd4 Nc6 5. Nc3 Qc7 6. g3 a6 7. Bg2 Nf6 8. 0-0 Bb4 9. Nce2 b5 10. h3 Bb7 11. Be3 Nxd4 12. Qxd4 Be7 13. Rac1 Rc8 14. c3 0-0 15. f4 Rfd8 16. Kh2 d6 17. g4 e5 18. Qd3 Qc4 19. Qxc4 Rxc4 20. b3 Rxe4 21. Bxe4 Nxe4 22. Ng3 Nxg3 23. Kxg3 f6 24. fxe5 fxe5 25. c4 Be4 26. cxb5 axb5 27. Rc7 Bf8 28. Bg5 Re8 29. Rff7 h6 30. Bd2 Ra8 31. Ra7 Re8 32. Bb4 Bd5 33. Rfd7 Be6 34. Rdb7 e4 35. Kf4 e3 36. Rxb5 e2 37. Be1 g5+ 38. Kg3 Bg7 39. Rbb7 Be5+ 40. Kf2 Bd4+ 41. Kxe2 Bxb3+ 42. Kd3 Bxa7 43. axb3 Re3+ 44. Kc4 Bc5 45. Bd2 Rxh3 46. b4 Bf2 47. Bc3 Rh4 48. b5 Rxg4+ 49. Kd5 Rg3 50. Bf6 Rd3+ 51. Ke6 Rb3 52. Kf5 Rf3+ 53. Kg6 Rxf6+ 54. Kxf6 g4 55. b6 g3 56. Rg7+ Kh8 57. b7 Bd4+ 58. Kg6 Ba7 59. Rh7+ Kg8 60. Rg7+ Kf8 61. Kxh6 Be3+ 62. Kh7 Ba7 63. Rg8+ Kf7 64. Rxg3 d5 65. Ra3 Bb8 66. Ra8 Bf4 67. Ra4 Bb8 68. Rd4 Ke6 69. Kg6 Kd6 70. Ra4 Kc5 0-1

[Event "Titled Tuesday intern op 28th Jan Early"]
[Site "Chess.com INT"]
[Date "2025.01.28"]
[Round "4"]
[White "Kalyani, Sirin"]
[Black "Vingris, Mikelis"]
[Result "1-0"]
[WhiteElo "2012"]
[BlackElo "2147"]
[PlyCount "95"]
[EventDate "2025.01.28"]
[EventType "swiss (blitz)"]
[EventRounds "11"]
[EventCountry "USA"]
[SourceTitle "CB06_2025"]
[SourceDate "2025.02.05"]
[SourceVersion "1"]
[SourceVersionDate "2025.02.05"]
[SourceQuality "1"]

1. e4 c5 2. Nf3 d6 3. d4 cxd4 4. Nxd4 Nf6 5. Nc3 a6 6. f3 e5 7. Nb3 Be6 8. Be3 h5 9. Nd5 Bxd5 10. exd5 Nbd7 11. Qd2 Nb6 12. c4 g6 13. Be2 Rc8 14. Rc1 Bg7 15. 0-0 0-0 16. Na5 Qc7 17. b4 e4 18. Bd4 exf3 19. Bxf3 Rfe8 20. Qf2 Nbd7 21. Nb3 Ne5 22. Bxe5 Rxe5 23. c5 Rce8 24. c6 b5 25. Rce1 Ne4 26. Bxe4 Rxe4 27. Rxe4 Rxe4 28. a3 Be5 29. Kh1 f5 30. Nd2 Rf4 31. Qe1 Rg4 32. Nf3 Re4 33. Qd2 Bf6 34. Re1 Kg7 35. Rxe4 fxe4 36. Ng5 Bxg5 37. Qxg5 Qf7 38. h3 Qf1+ 39. Kh2 Qc4 40. Qe7+ Kh6 41. Qxd6 e3 42. Qf8+ Kg5 43. Qf3 Qc3 44. Qg3+ Kf6 45. c7 e2 46. Qxc3+ Ke7 47. c8Q Kd6 48. Q8c7+ 1-0